|
|
|
|
| LEADER |
00000nam a2200000 a 4500 |
| 001 |
UCX9230 |
| 003 |
CL-VaPUC |
| 008 |
940523e19930000SP |||||||||||||||||spa|d |
| 082 |
0 |
4 |
|a 811
|b GIN
|2 21
|
| 100 |
|
|
|a Ginsberg, Allen
|e author
|9 408119
|
| 245 |
1 |
0 |
|a Aullido: y otros poemas
|
| 250 |
|
|
|a 2a. ed
|
| 300 |
|
|
|a 91 p
|
| 942 |
|
|
|c BK
|
| 945 |
|
|
|d 19940523 00:00:00
|a oaravena
|
| 260 |
|
|
|a Madrid
|b Visor
|c 1993
|
| 650 |
|
7 |
|a POESIAS ESTADOUNIDENSES
|2 CL-VaPUC
|9 326603
|
| 583 |
|
|
|a last modification
|c 19940523 00:00:00
|k Rodrigo Vera
|
| 490 |
0 |
|
|a Colección
|
| 999 |
|
|
|c 228533
|d 228531
|
| 952 |
|
|
|0 0
|1 0
|4 0
|6 811_000000000000000_GIN_1993
|7 0
|8 A
|9 228716
|a BIBART
|b BIBART
|d 2019-11-15
|i 2970627
|l 3
|o 811 GIN 1993
|p 2970627
|r 2025-03-13
|s 2023-10-04
|w 2019-11-15
|y BK
|k ART
|